| 000 | 01062nam a22003377a 4500 | ||
|---|---|---|---|
| 003 | CHAP | ||
| 005 | 20220329141223.0 | ||
| 008 | 971010s1973 r 00010 d | ||
| 010 | _a64614 | ||
| 011 | _a65586 | ||
| 035 | _a72632 | ||
| 040 | _cCHAP | ||
| 082 | 0 | 4 |
_a591.5 _bA53Y 1970 |
| 100 | 0 | 0 |
_aAndrewartha, Herbert George. _95692 |
| 245 | 1 | _aIntroducción al estudio de poblaciones animales | |
| 260 |
_aMadrid : _bAlhambra, _c1973 |
||
| 300 |
_a322 p. _b: gráfs. |
||
| 490 | _aExedra, 84 | ||
| 500 | _aTrad. de: 2 ed. en Inglés de 1970 | ||
| 590 |
_aBATCH-UPD _b10 _c20130110 _lUCH01 _h0430 |
||
| 590 |
_aBATCH-UPD _b10 _c20130110 _lUCH01 _h2055 |
||
| 590 |
_aBATCH-UPD _b10 _c20130410 _lUCH01 _h0105 |
||
| 590 |
_aBATCH-UPD _b10 _c20130914 _lUCH01 _h1248 |
||
| 590 |
_aCONVERSION _b10 _c20130109 _lUCH01 _h1335 |
||
| 650 | 1 | 4 |
_aEcología animal. _935170 |
| 650 | 1 | 4 |
_aPoblaciones animales. _989358 |
| 830 | 0 |
_aExedra, 84 _939044 |
|
| 901 | _aBK | ||
| 942 | _cLIBRO | ||
| 949 |
_a591.5 A53Y 1970 _bBC _cLIBRO _d33724000373494 _eLIBRO _h54700 _i72632 _si _t333.00 |
||
| 999 |
_c64614 _d64614 |
||